| 000 | 01262cam a2200241 4500 | ||
|---|---|---|---|
| 001 | WB4009-11 | ||
| 008 | 040303n2004 000 0 eng u | ||
| 035 | _a(Sirsi) u125307 | ||
| 245 | _aPlanning a better environment | ||
| 260 | _c2004 | ||
| 490 |
_aODPM News Release _v(2004/0048) 2 March 2004 (2) |
||
| 520 | _aProposals for implementing the European Strategic Environmental Assessment (SEA) Directive (Directive 2001/42/EC) were released by government. The new provisions ensure that significant environmental effects are assessed at a much earlier stage in the process, during the preparation of a plan and before decisions on key issues such as alternative sites for development have been made. The consultation document on implementation of SEA Directive (2001/42/EC) is available on the ODPM website at http://www.planning.odpm.gov.uk. ODPM Press Release http://www.gnn.gov.uk/gnn/national.nsf/Daily+News/ E54573AC021F103280256E4B003F0243?opendocument. | ||
| 590 | _aWB | ||
| 590 | _aWB | ||
| 650 | _aDIRECTIVE 2001/42/EC | ||
| 650 | _aENVIRONMENTAL ASSESSMENT | ||
| 650 | _aPLANNING SYSTEM | ||
| 650 | _aPLANNING AUTHORITIES | ||
| 650 | _aCONSULTATION PAPERS | ||
| 650 | _aSUSTAINABLE DEVELOPMENT | ||
| 690 | _aPLANNING | ||
| 942 | _n0 | ||
| 999 |
_c117072 _d117072 |
||